| 000 | 00000nam##2200000za#4500 |
| 001 | 9.644590 |
| 003 | CaOODSP |
| 005 | 20230202144024 |
| 007 | ta |
| 008 | 150407|1990||||xxc||||| f|0| 0 eng|d |
| 020 | |a0-662-19936-7 |
| 040 | |aCaOODSP|beng |
| 043 | |an-cn--- |
| 086 | 1 |aH72-21/78-1992E |
| 110 | 2 |aNational Clearinghouse on Family Violence (Canada). |
| 245 | 10|aIsolated, afraid and forgotten: the service delivery needs and realities of immigrant and refugee women who are battered / |cPrepared by Linda MacLeod and Maria Shin. |
| 260 | |aOttawa - Ontario : |bHealth and Welfare Canada. |c1990. |
| 300 | |a41p. : |breferences ; |c28 cm. |
| 500 | |aContents: Purpose and approach of this monograph.--Understanding the experiences of immigrant and refugee women who are battered.--Services currently available for immigrant and refugee women who are battered.--Adapting services to the experiences and needs of immigrant women who are battered: an alternative approach.--Some examples.--Government and mainstream services begin to respond.--Barriers to further change.--Conclusion.--References.--Appendix I: Interview guide.--Appendix II: Selected resources.--Appendix III: List of resource organizations and individuals.--Appendix IV: Response sheet. |
| 563 | |aSoftcover |
| 590 | |a93-06|b1993-02-12 |
| 690 | 07|aViolence against women|2gcpds |
| 690 | 07|aRefugees|2gcpds |
| 690 | 07|aWomen|2gcpds |
| 690 | 07|aImmigrants|2gcpds |
| 720 | 1 |aMacLeod, Linda |
| 720 | 1 |aShin, Maria |
| 775 | 08|tIsolées, apeurées et oubliées: les services aux immigrantes et aux refugiées qui sont battues: besoins et réalités / |w(CaOODSP)9.678420 |
| 776 | 0#|tIsolated, afraid and forgotten : |w(CaOODSP)9.695730 |